|
|
|
|
| LEADER |
00000nab a2200000 a 4500 |
| 001 |
vtls000861751 |
| 003 |
SK-MaSNL |
| 005 |
20260304215617.0 |
| 008 |
141122c2003 xo 0 slo |
| 015 |
|
|
|a SNBRB2004/02-06625
|
| 035 |
|
|
|a CLN000213343
|
| 040 |
|
|
|a SNKBUCL
|b slo
|c SNKBUCL
|e AACR2
|
| 041 |
0 |
|
|a slo
|
| 044 |
|
|
|a xo
|c SK
|
| 080 |
|
|
|a 616.993.1:331:061.3
|2 1997
|
| 245 |
0 |
0 |
|a Toxoplazmóza u profesionálne exponovaných osôb
|c C. Studeničová ... [et al.]
|
| 650 |
0 |
7 |
|a choroby z povolania
|2 MESH
|9 2542
|
| 650 |
0 |
7 |
|a toxoplazmóza
|2 MESH
|9 15299
|
| 650 |
0 |
7 |
|a abstrakty z kongresu
|2 MESH
|9 168204
|
| 655 |
|
7 |
|a články z novín a časopisov
|2 snkbucl
|9 267496
|
| 700 |
1 |
|
|a Ondriska, František,
|d 1952-
|4 aut
|9 98923
|
| 700 |
1 |
|
|a Studeničová, C.
|4 aut
|9 780867
|
| 700 |
1 |
|
|a Holková, Renáta
|4 aut
|9 6220
|
| 700 |
1 |
|
|a Jalili, Nasir,
|d 1961-
|4 aut
|9 21865
|
| 773 |
0 |
|
|t Správy klinickej mikrobiológie
|g Roč. 3, supl. C (2003), s. 36
|x 1335-8219
|
| 850 |
|
|
|a Slovenská národná knižnica v Martine
|
| 852 |
|
|
|a SNK
|b KIS3GCP
|
| 958 |
|
|
|a MI
|
| 999 |
|
|
|c 3147404
|d 3149334
|